Groupes de 7 - #03 - Statistiques

Statistiques générales
  • Ce quiz a été pris 45 fois
  • Le résultat moyen est 28 sur 49
Statistiques - réponses
Groupes Réponses % Correct
Tomes de Harry Potter Harry Potter à l'{Ecole des sorciers}
100%
Métaux de l'Antiquité Or
98%
Tomes de Harry Potter Harry Potter et la {Chambre des secrets}
93%
Métaux de l'Antiquité Argent
90%
Tomes de Harry Potter Harry Potter et la {Coupe de feu}
90%
Tomes de Harry Potter Harry Potter et les {Reliques de la mort}
90%
Pays se terminant pas "-stan" Pakistan
90%
Les Sept Potter (lors de la fuite de Harry de Privet Drive) Ron Weasley
90%
Pays se terminant pas "-stan" Ouzbékistan
88%
Pays se terminant pas "-stan" Afghanistan
86%
Tomes de Harry Potter Harry Potter et le {Prisonnier d'Azkaban}
83%
Tomes de Harry Potter Harry Potter et l'{Ordre du phénix}
83%
Pays se terminant pas "-stan" Turkménistan
83%
Les Sept Potter (lors de la fuite de Harry de Privet Drive) Hermione Granger
81%
Pays d'Amérique Centrale Honduras
81%
Pays d'Amérique Centrale Panama
79%
Pays d'Amérique Centrale Guatemala
76%
Tomes de Harry Potter Harry Potter et le {Prince de sang-mêlé}
76%
Pays se terminant pas "-stan" Kazakhstan
76%
Pays se terminant pas "-stan" Tadjikistan
76%
Pays se terminant pas "-stan" Kirghizistan
74%
Pays d'Amérique Centrale Costa Rica
69%
Métaux de l'Antiquité Cuivre
69%
Pays d'Amérique Centrale Nicaragua
69%
Pays d'Amérique Centrale Belize
64%
Accompagnateur lors de la bataille des sept Potter Remus Lupin
64%
Les Sept Potter (lors de la fuite de Harry de Privet Drive) Fred Weasley
60%
Les Sept Potter (lors de la fuite de Harry de Privet Drive) George Weasley
57%
Métaux de l'Antiquité Fer
55%
Accompagnateur lors de la bataille des sept Potter Rubeus Hagrid
55%
Les Sept Potter (lors de la fuite de Harry de Privet Drive) Harry Potter
52%
Accompagnateur lors de la bataille des sept Potter Alastor Maugrey
45%
Accompagnateur lors de la bataille des sept Potter Nymphadora Tonks
43%
Accompagnateur lors de la bataille des sept Potter Arthur Weasley
38%
Accompagnateur lors de la bataille des sept Potter Bill Weasley
38%
Métaux de l'Antiquité Etain
36%
Les Sept Potter (lors de la fuite de Harry de Privet Drive) Fleur Delacour
36%
Pays d'Amérique Centrale El Salvador
33%
Accompagnateur lors de la bataille des sept Potter Kingsley Shacklebolt
33%
Les Sept Potter (lors de la fuite de Harry de Privet Drive) Mondingus Fletcher
29%
Métaux de l'Antiquité Plomb
24%
Métaux de l'Antiquité Mercure
14%
Les collines de Lisbonne Estrela
2%
Les collines de Lisbonne Graça
2%
Les collines de Lisbonne Penha de França
2%
Les collines de Lisbonne Santa Catarina
2%
Les collines de Lisbonne São Jorge
2%
Les collines de Lisbonne São Pedro de Alcantra
2%
Les collines de Lisbonne Senhora do Monte
2%
Aucun quiz correspondant
Distribution des résultats
% des personnes avec chaque résultat
Percentile par nombre de réponses
Votre historique - résultats
Vous n’avez pas pris ce quiz